Standard operating procedures/ (Record no. 192962)

MARC details
000 -LEADER
fixed length control field 00444nam a22001697a 4500
005 - DATE AND TIME OF LATEST TRANSACTION
control field 20221012110739.0
010 ## - LCCN (DPL NO)
LC control number ENG-135351
020 ## - INTERNATIONAL STANDARD BOOK NUMBER
Terms of availability 250.00
International Standard Book Number 9788193708811
035 ## - SYSTEM CONTROL NUMBER
System control number EN-118883
037 ## - SOURCE OF ACQUISITION
Source of stock number/acquisition DBAD/PUB
082 ## - DEWEY DECIMAL CLASSIFICATION NUMBER
Classification number 005.43
245 ## - TITLE STATEMENT
Title Standard operating procedures/
260 ## - PUBLICATION, DISTRIBUTION, ETC. (IMPRINT)
Date of publication, distribution, etc 2018
Name of publisher, distributor, etc Blue Hill Publishers
Place of publication, distribution, etc Coimbatore
270 ## - ADDRESS
City Coimbatore
300 ## - PHYSICAL DESCRIPTION
Extent 51p.
Dimensions 20cm(Pbk)
942 ## - ADDED ENTRY ELEMENTS (KOHA)
Source of classification or shelving scheme Dewey Decimal Classification
Item type English Books
Call number suffix STA
Classification part 005.43
Holdings
Withdrawn status Lost status Not for loan Collection code Home library Current library Date acquired Source of acquisition Cost, normal purchase price Full call number Barcode Copy number Cost, replacement price Koha item type
      Non-fiction R.K.Puram-8 R.K.Puram-8 12/10/2022 DBAD/PUB 250.00 005.43 STA EN-118883 1 250.00 English Books

© Delhi Public Library
Hit Counter
free hit counter